<?xml version="1.0" encoding="UTF-8"?>
<record
    xmlns:xsi="http://www.w3.org/2001/XMLSchema-instance"
    xsi:schemaLocation="http://www.loc.gov/MARC21/slim http://www.loc.gov/standards/marcxml/schema/MARC21slim.xsd"
    xmlns="http://www.loc.gov/MARC21/slim">

  <leader>03348nam a2200337 a 4500</leader>
  <controlfield tag="001">000000460</controlfield>
  <controlfield tag="003">DO-SdBNP</controlfield>
  <controlfield tag="005">20230704095001.0</controlfield>
  <controlfield tag="008">081112s2007 dr  000 p spa d</controlfield>
  <datafield tag="020" ind1=" " ind2=" ">
    <subfield code="a">9789945861310</subfield>
  </datafield>
  <datafield tag="040" ind1=" " ind2=" ">
    <subfield code="a">BPMSU</subfield>
    <subfield code="b">spa</subfield>
    <subfield code="c">BPMSU</subfield>
  </datafield>
  <datafield tag="082" ind1=" " ind2="4">
    <subfield code="a">RD861.44</subfield>
    <subfield code="b">N789p 2007</subfield>
    <subfield code="2">22</subfield>
  </datafield>
  <datafield tag="100" ind1="1" ind2=" ">
    <subfield code="a">Nolasco, Fl&#xE9;rida de,</subfield>
    <subfield code="d">1891-1976</subfield>
  </datafield>
  <datafield tag="245" ind1="1" ind2="3">
    <subfield code="a">La poes&#xED;a folkl&#xF3;rica en Santo Domingo /</subfield>
    <subfield code="c">Fl&#xE9;rida de Nolasco.</subfield>
  </datafield>
  <datafield tag="250" ind1=" " ind2=" ">
    <subfield code="a">2a ed.</subfield>
  </datafield>
  <datafield tag="260" ind1=" " ind2=" ">
    <subfield code="a">Santo Domingo :</subfield>
    <subfield code="b">Editora B&#xFA;ho,</subfield>
    <subfield code="c">2007.</subfield>
  </datafield>
  <datafield tag="300" ind1=" " ind2=" ">
    <subfield code="a">374 p. ;</subfield>
    <subfield code="c">22 cm.</subfield>
  </datafield>
  <datafield tag="490" ind1="0" ind2=" ">
    <subfield code="a">Bibli&#xF3;filos 2000,</subfield>
    <subfield code="v">20</subfield>
  </datafield>
  <datafield tag="500" ind1=" " ind2=" ">
    <subfield code="a">Incluye referencias bibliogr&#xE1;ficas y notas al pie de las p&#xE1;ginas.</subfield>
  </datafield>
  <datafield tag="505" ind1="0" ind2=" ">
    <subfield code="t">Presentaci&#xF3;n --</subfield>
    <subfield code="t">Introducci&#xF3;n --</subfield>
    <subfield code="t">Liminar --</subfield>
    <subfield code="t">Rimas tradicionales en la regi&#xF3;n del sur --</subfield>
    <subfield code="g">Provincia de Azua --</subfield>
    <subfield code="t">De amor --</subfield>
    <subfield code="t">De amor en sentimiento --</subfield>
    <subfield code="t">De amor en fantas&#xED;a --</subfield>
    <subfield code="t">Por fantas&#xED;a --</subfield>
    <subfield code="t">Por argumento --</subfield>
    <subfield code="g">Secci&#xF3;n de Pueblo Viejo --</subfield>
    <subfield code="t">De amor en sentimiento --</subfield>
    <subfield code="g">Provincia de Barahona --</subfield>
    <subfield code="g">Secci&#xF3;n de pesquer&#xED;a --</subfield>
    <subfield code="t">De amor en sentimiento --</subfield>
    <subfield code="t">Por fantas&#xED;a --</subfield>
    <subfield code="t">Por argumento --</subfield>
    <subfield code="g">Sierra de Bahoruco --</subfield>
    <subfield code="t">Coplas romanceadas --</subfield>
    <subfield code="g">De el arroyo --</subfield>
    <subfield code="t">Coplas --</subfield>
    <subfield code="g">Cabral --</subfield>
    <subfield code="t">Por argumento --</subfield>
    <subfield code="t">Coplas --</subfield>
    <subfield code="g">Secci&#xF3;n Las Salinas --</subfield>
    <subfield code="t">De amor --</subfield>
    <subfield code="t">Por argumento --</subfield>
    <subfield code="t">Coplas romanceadas --</subfield>
    <subfield code="g">Enriquillo --</subfield>
    <subfield code="t">De amor --</subfield>
    <subfield code="t">De amor por fantas&#xED;a --</subfield>
    <subfield code="t">En desaf&#xED;o --</subfield>
    <subfield code="t">Por argumento --</subfield>
    <subfield code="t">A lo divino --</subfield>
    <subfield code="t">De argumento a lo divino --</subfield>
    <subfield code="t">Coplas romanceadas --</subfield>
    <subfield code="t">Coplas --</subfield>
    <subfield code="g">Secci&#xF3;n Naranjal --</subfield>
    <subfield code="t">De amor --</subfield>
    <subfield code="g">Secci&#xF3;n Truj&#xED;n (Oviedo) --</subfield>
    <subfield code="t">De amor en sentimiento --</subfield>
    <subfield code="t">De amor por fantas&#xED;a --</subfield>
    <subfield code="t">Por fantas&#xED;a --</subfield>
    <subfield code="t">A lo divino --</subfield>
    <subfield code="t">Coplas --</subfield>
    <subfield code="g">Distrito de Para&#xED;so --</subfield>
    <subfield code="t">De amor --</subfield>
    <subfield code="t">De amor en sentimiento --</subfield>
    <subfield code="t">De amor por fantas&#xED;a --</subfield>
    <subfield code="t">Variante en Argentina --</subfield>
    <subfield code="t">Por fantas&#xED;a --</subfield>
    <subfield code="t">En desaf&#xED;o --</subfield>
    <subfield code="t">Por argumento --</subfield>
    <subfield code="t">A lo divino --</subfield>
    <subfield code="t">Coplas --</subfield>
    <subfield code="t">Coplas romanceadas --</subfield>
    <subfield code="g">Provincia de Bahoruco, Neiba --</subfield>
    <subfield code="t">De amor --</subfield>
    <subfield code="t">Variante (recogida en Enriquillo) --</subfield>
    <subfield code="t">De amor en sentimiento --</subfield>
    <subfield code="t">Por argumento --</subfield>
    <subfield code="t">Coplas --</subfield>
    <subfield code="g">Duverg&#xE9; --</subfield>
    <subfield code="t">Coplas --</subfield>
    <subfield code="t">Cantar de plena --</subfield>
    <subfield code="g">Provincia Benefactor San Juan de la Maguana --</subfield>
    <subfield code="t">De amor --</subfield>
    <subfield code="t">Por fantas&#xED;a --</subfield>
    <subfield code="t">En desaf&#xED;o a lo divino --</subfield>
    <subfield code="t">Por argumento --</subfield>
    <subfield code="t">En argumento mayor --</subfield>
    <subfield code="t">A lo divino --</subfield>
    <subfield code="t">Coplas --</subfield>
    <subfield code="g">Las Matas de Farf&#xE1;n --</subfield>
    <subfield code="t">De amor --</subfield>
    <subfield code="t">De amor en sentimiento --</subfield>
    <subfield code="t">De amor por fantas&#xED;a --</subfield>
    <subfield code="t">Por argumento --</subfield>
    <subfield code="t">En desaf&#xED;o --</subfield>
    <subfield code="t">En desaf&#xED;o a lo divino --</subfield>
    <subfield code="t">Coplas --</subfield>
    <subfield code="t">Coplas romanceadas --</subfield>
    <subfield code="t">Cantares de plena --</subfield>
    <subfield code="g">Provincia Trujillo Valdez, Ban&#xED; --</subfield>
    <subfield code="t">De amor --</subfield>
    <subfield code="t">De amor en sentimiento --</subfield>
    <subfield code="t">Por fantas&#xED;a --</subfield>
    <subfield code="t">Por argumento --</subfield>
    <subfield code="t">Coplas</subfield>
    <subfield code="g">Secci&#xF3;n de Boca Canasta --</subfield>
    <subfield code="t">Coplas --</subfield>
    <subfield code="g">San Cristobal</subfield>
    <subfield code="t">Coplas --</subfield>
  </datafield>
  <datafield tag="505" ind1="0" ind2=" ">
    <subfield code="g">Distrito de Santo Domingo, Campos Aleda&#xF1;os --</subfield>
    <subfield code="t">Coplas --</subfield>
    <subfield code="g">Provincia del Seibo --</subfield>
    <subfield code="t">Por fantas&#xED;a --</subfield>
    <subfield code="t">Leyenda --</subfield>
    <subfield code="t">Por argumento</subfield>
    <subfield code="g">Hig&#xFC;ey --</subfield>
    <subfield code="t">De amor</subfield>
    <subfield code="t">De amor por fantas&#xED;a --</subfield>
    <subfield code="t">Coplas --</subfield>
    <subfield code="t">Romances tradicionales --</subfield>
    <subfield code="t">El romance de el ni&#xF1;o --</subfield>
    <subfield code="t">Romancillos de nochebueno --</subfield>
    <subfield code="t">Otros romanances --</subfield>
    <subfield code="t">La utop&#xED;a de lo aut&#xF3;ctono --</subfield>
    <subfield code="t">Tradiciones entre casa --</subfield>
    <subfield code="t">Por qu&#xE9; no tenemos folklore negro --</subfield>
    <subfield code="t">Juicios cr&#xED;ticos --</subfield>
    <subfield code="t">Muri&#xF3; el toro que pitaba</subfield>
    <subfield code="g">Secci&#xF3;n de Boca Canasta --</subfield>
  </datafield>
  <datafield tag="590" ind1=" " ind2=" ">
    <subfield code="6">Inventariado, 2023/VM</subfield>
  </datafield>
  <datafield tag="650" ind1=" " ind2="4">
    <subfield code="a">Poes&#xED;a dominicana </subfield>
  </datafield>
  <datafield tag="650" ind1=" " ind2="4">
    <subfield code="a">Folclor</subfield>
  </datafield>
  <datafield tag="650" ind1=" " ind2="4">
    <subfield code="a">Literatura folcl&#xF3;rica </subfield>
  </datafield>
  <datafield tag="650" ind1=" " ind2="4">
    <subfield code="a">Literatura dominicana</subfield>
  </datafield>
  <datafield tag="700" ind1="1" ind2=" ">
    <subfield code="a">Olivo &#xC1;lvarez, S&#xF3;crates,</subfield>
    <subfield code="e">ed.</subfield>
  </datafield>
  <datafield tag="830" ind1=" " ind2="0">
    <subfield code="a">Bibli&#xF3;filos 2000</subfield>
    <subfield code="v">20</subfield>
  </datafield>
  <datafield tag="910" ind1=" " ind2=" ">
    <subfield code="a">VMateo V. Control de calidad (BPMSU)</subfield>
  </datafield>
  <datafield tag="942" ind1=" " ind2=" ">
    <subfield code="2">ddc</subfield>
    <subfield code="c">BK</subfield>
  </datafield>
  <datafield tag="952" ind1=" " ind2=" ">
    <subfield code="0">0</subfield>
    <subfield code="1">0</subfield>
    <subfield code="2">ddc</subfield>
    <subfield code="4">0</subfield>
    <subfield code="5">1</subfield>
    <subfield code="7">0</subfield>
    <subfield code="8">CD</subfield>
    <subfield code="a">BPMET</subfield>
    <subfield code="b">BPMET</subfield>
    <subfield code="d">2023-07-04</subfield>
    <subfield code="l">0</subfield>
    <subfield code="o">BPMSU CD RD861.44 N789p 2007</subfield>
    <subfield code="p">BPMSU23070002</subfield>
    <subfield code="r">2023-07-04</subfield>
    <subfield code="w">2023-07-04</subfield>
    <subfield code="y">BK</subfield>
  </datafield>
  <datafield tag="999" ind1=" " ind2=" ">
    <subfield code="c">14394</subfield>
    <subfield code="d">14394</subfield>
  </datafield>
</record>
